000 00358pab a2200145 454500
008 180718b1999 xxu||||| |||| 00| 0 eng d
100 _aKohli, Renu
245 _aRural bank branches and financial reform
260 _c1999
300 _ap.169-74
362 _a16 and 23 Jan
650 _aBanks
773 _aEconomic and Political Weekly
909 _a40069
999 _c40069
_d40069